01642nam a2200385 a 450000100060000000300080000600500170001400600190003100700150005000800410006502000180010603500230012403500240014703500250017103500220019604000260021805000280024408000110027208200210028310000320030424500800033626000570041630000100047350003450048353301640082865000250099265000380101765000210105565000320107665300230110865500270113171000190115885600620117799900170123936905FlNmELB20241216221445.0m o d | cr cn|||||||||201003r2006 mx |||||s|||||||||||spa d z9789703603206 a(MiAaPQ)EBC3187754 a(Au-PeEL)EBL3187754 a(CaPaEBR)ebr10378096 a(OCoLC)1010665421 aFlNmELBbspacFlNmELB 4aF1219.76.A84bL768 2006 a52:97204a520.89/974522221 aLira Montes de Oca, Felipe.10aCalendario civil-solarh[recurso electronico] /cFelipe Lira Montes de Oca. aMéxico :bInstituto Politécnico Nacional,c2006. a48 p. aEste texto es parte del libro 5 del proyecto ZE, Tlachtin (proyecto uno, observatorios). La conformación de la portada, los dibujos y los esquemas son del autor, salvo lo contrario, donde se da crédito a la fuente de procedencia. Asimismo, en las figuras de los Amoxtin (códices) se menciona la fuente de donde fueron tomados éstos. aRecurso electrónico. Santa Fe, Arg.: e-libro, 2015. Disponible vía World Wide Web. El acceso puede estar limitado para las bibliotecas afiliadas a e-libro. 4aAstronomía Azteca. 4aAstronomíazMéxicoxHistoria. 4aAztec astronomy. 4aAstronomyzMexicoxHistory. aAstronomiaaMexico 4aLibros electrónicos.2 ae-libro, Corp.40uhttps://elibro.net/ereader/politecnicointernacional/74700 c36905d36905